Dare to be different: (Record no. 14766)

000 -LEADER
fixed length control field 00667nam a2200205 a 4500
001 - CONTROL NUMBER
control field :::00012600$&:&@@
003 - CONTROL NUMBER IDENTIFIER
control field OkBaRHE
005 - DATE AND TIME OF LATEST TRANSACTION
control field 20000607103420.0
008 - FIXED-LENGTH DATA ELEMENTS--GENERAL INFORMATION
fixed length control field s1980 j 000 0 eng u
020 ## - INTERNATIONAL STANDARD BOOK NUMBER
International Standard Book Number 0800711114
040 ## - CATALOGING SOURCE
Transcribing agency
100 1# - MAIN ENTRY--PERSONAL NAME
Personal name Hartley, Fred.
245 10 - TITLE STATEMENT
Title Dare to be different:
Remainder of title dealing with peer pressure.
Statement of responsibility, etc Illustrated by Gene Haulenbeek.
260 ## - PUBLICATION, DISTRIBUTION, ETC. (IMPRINT)
Place of publication, distribution, etc Old Tappan, NJ., :
Name of publisher, distributor, etc F. H. Revell Co.
Date of publication, distribution, etc c1980
300 ## - PHYSICAL DESCRIPTION
Extent 127 p. : illus. ;
Dimensions 21 cm.
650 ## - SUBJECT ADDED ENTRY--TOPICAL TERM
Topical term or geographic name as entry element Social Pressure
650 ## - SUBJECT ADDED ENTRY--TOPICAL TERM
Topical term or geographic name as entry element Youth
General subdivision Conduct of Life
942 ## - ADDED ENTRY ELEMENTS (KOHA)
Source of classification or shelving scheme
Koha item type Books
Copies
Copy number Not for loan Permanent Location Date acquired Barcode Koha item type Date last seen Price effective from Source of classification or shelving scheme Withdrawn status Shelving location Damaged status Full call number Lost status
1 RHEMA Bible Training College2010-04-1412600Books2010-04-142010-04-14  General Stacks HQ 796 .H353